| 000 | 01371nam a22002417a 4500 | ||
|---|---|---|---|
| 003 | DO-SdBJH | ||
| 005 | 20240927135055.0 | ||
| 008 | 240927b |||||||| |||| 00| 0 spa d | ||
| 040 |
_aDO-SdBJH _bspa _cDO-SdBJH |
||
| 090 |
_aTG AAGBPFAFM _b02161 2022 |
||
| 100 | 1 |
_aCabrera, Ramón Emmanuel _esustentante |
|
| 245 | 1 | 0 |
_aIncidencia de los estándares del sistema de gestión de calidad en la FARD año 2019-2021 / _c Ramón Emmanuel Cabrera, Franklin de los Santos Veras, asesores Alex De los Santos, Tebi E. Rodríguez Hernández |
| 260 |
_aSanto Domingo Este : _bINSUDE, _c2022 |
||
| 300 | _aviii, 54 páginas | ||
| 502 | _aTrabajo de grado (Licenciatura en Ciencias Aeronáuticas) -- Instituto Superior para la Defensa (INSUDE). -- Academia Aérea Gral. De Brigada Piloto Frank Andrés Feliz Miranda, 2022 | ||
| 504 | _aIncluye referencias bibliográficas e índices | ||
| 505 | _aAntecedentes históricos sistema de gestión de calidad. -- Estándares del sistema de gestión de calidad en la FARD. -- Mejoras del sistema de gestión de calidad en la FARD | ||
| 700 | 1 |
_aFranklin de los Santos Veras, _esustentante |
|
| 700 | 1 |
_aDe los Santos, Alex _easesor |
|
| 700 | 1 |
_aRodríguez Hernández, Tebi E. _easesor |
|
| 830 | _aINSUDE. Academia Aérea Gral. De Brig. Pil. Frank Andrés Feliz Miranda. Tesis y disertaciones académicas | ||
| 942 |
_2CL _cT |
||
| 999 |
_c7911 _d7911 |
||